ផ្ទះរបស់បាបាប៉ាប៉ា​ / (Record no. 8284)

MARC details
000 -LEADER
fixed length control field 01796nam a22002537a 4500
001 - CONTROL NUMBER
control field 8284
003 - CONTROL NUMBER IDENTIFIER
control field FISKH
005 - DATE AND TIME OF LATEST TRANSACTION
control field 20250908142259.0
008 - FIXED-LENGTH DATA ELEMENTS--GENERAL INFORMATION
fixed length control field 250908b cb ||||| |||| 00| 0 eng d
020 ## - INTERNATIONAL STANDARD BOOK NUMBER
International Standard Book Number 9789996301902
040 ## - CATALOGING SOURCE
Original cataloging agency FISKH
Language of cataloging khr
Transcribing agency FISKH
Modifying agency FISKH
082 ## - DEWEY DECIMAL CLASSIFICATION NUMBER
Classification number 800
100 ## - MAIN ENTRY--PERSONAL NAME
Personal name Thayson, Annett
245 ## - TITLE STATEMENT
Title ផ្ទះរបស់បាបាប៉ាប៉ា​ /
Statement of responsibility, etc. និពន្ធដោយ អានណែត ថាយសិន និង ថែលើសថែឡរ ប្រែសម្រួលជាភាសាខ្មែរដោយ អ្នកស្រី ម៉ុង គីមណា
260 ## - PUBLICATION, DISTRIBUTION, ETC.
Place of publication, distribution, etc. Phnom Penh :
Name of publisher, distributor, etc. Open Books,
Date of publication, distribution, etc. 2017.
300 ## - PHYSICAL DESCRIPTION
Extent 34 pages :
Other physical details color illustrations ;
Dimensions 18 x 24 cm
505 ## - FORMATTED CONTENTS NOTE
Formatted contents note G<br/>
520 ## - SUMMARY, ETC.
Summary, etc. ការជួបប្រទះនឹងបាបាប៉ាប៉ា គឺពិតជាអស្ចារ្យមែន ។ គ្រប់គ្នាពិតជាចូលចិត្តការបង្កើតថ្មីជាពិសេសក្រុមបាបាប៉ាប៉ាមានភាពរួសរាយរាក់ទាក់ ចិត្តល្អ និងស្មោះត្រង់ណាស់ ។ គាត់អាចផ្លាស់ប្ដូររូបរាងទៅតាមទំរង់ផ្សេងៗ នឹងអាចដោះស្រាយបញ្ហាទាំងពួងទៀតផង។ <br/><br/>
520 ## - SUMMARY, ETC.
Summary, etc. Meeting Barbapapa is truly wonderful. Everyone really enjoys his creativity, especially since the Barbapapa family is friendly, kind, and very honest. He can change his shape into different forms and can also solve various problems.
521 8# - TARGET AUDIENCE NOTE
Target audience note 370<br/>
Source Lexile estimate<br/>
521 8# - TARGET AUDIENCE NOTE
Target audience note G<br/>
Source Raz-Plus <br/>
942 ## - ADDED ENTRY ELEMENTS (KOHA)
Source of classification or shelving scheme Dewey Decimal Classification
Koha item type Khmer Books
Suppress in OPAC No
Holdings
Withdrawn status Lost status Source of classification or shelving scheme Damaged status Not for loan Collection Home library Current library Shelving location Date acquired Total Checkouts Full call number Barcode Date last seen Copy number Price effective from Koha item type
    Dewey Decimal Classification     Khmer Language Books / សៀវភៅភាសាខ្មែរ Footprints International School Library Network Toul Kork Campus Footprints International School Library Network Toul Kork Campus TK Old Khmer Books (Rear Hallway Shelf 3) 09/08/2025   THA 800 PZ7 2025-4392 09/08/2025 1 09/08/2025 Khmer Books